<?xml version="1.0" encoding="UTF-8"?>
<collection xmlns="http://www.loc.gov/MARC21/slim">
  <record>
    <leader>00000nam  2200000   4500</leader>
    <controlfield tag="001">INLIS000000000002283</controlfield>
    <controlfield tag="005">20180724144632</controlfield>
    <controlfield tag="008">180724|||||||||   |   |||   |||| ||   | </controlfield>
    <datafield tag="035" ind1=" " ind2=" ">
      <subfield code="0">010-0718002283</subfield>
    </datafield>
    <datafield tag="041" ind1=" " ind2=" ">
      <subfield code="a">id</subfield>
    </datafield>
    <datafield tag="082" ind1=" " ind2=" ">
      <subfield code="a">08</subfield>
    </datafield>
    <datafield tag="090" ind1=" " ind2=" ">
      <subfield code="a">08 PIM I 2017</subfield>
    </datafield>
    <datafield tag="100" ind1=" " ind2=" ">
      <subfield code="a">Permana, Asep Arofah</subfield>
    </datafield>
    <datafield tag="245" ind1=" " ind2=" ">
      <subfield code="a">Optimalisasi Peran Jabatan Fungsional Dalam Penyelenggaraan Infrastruktur Pupr</subfield>
    </datafield>
    <datafield tag="260" ind1=" " ind2=" ">
      <subfield code="a">Jakarta</subfield>
      <subfield code="b">LAN Jakarta</subfield>
      <subfield code="c">2017</subfield>
    </datafield>
    <datafield tag="300" ind1=" " ind2=" ">
      <subfield code="a">20 hlm.; Lamp.; 30 cm</subfield>
    </datafield>
    <datafield tag="500" ind1=" " ind2=" ">
      <subfield code="a">Proyek perubahan ini menitikberatkan pembahasan pada ketidakjelasan tugas jabatan fungsional, dimana masih sering ditemui keluhan sepertinya minimnya penugasan dari pejabat struktural dan ketidakterlibatan dalam kegiatan teknis. Ketidakjelasan tugas dan peran jabatan fungsional dapat dirunut secara organisatoris dengan melihat uraian distribusi tugas dan fungsi pada struktur organisasi. Proyek perubahan ini memberikan alternatif solusi dalam mengatasi permasalahan terkait jabatan fungsional melalui penerbitan peraturan menteri tentang uraian tugas yang diturunkan kedalam uraian  tugas dan fungsi yang ditindaklanjuti dengan pengaturan mengenai peta jabatan. Dengan adanya kejelasan mengenai uraian tugas, akan memberikan panduan mengenai pembagian peran antara jabatan pimpinan tinggi, jabatan administrator, dan jabatan fungsional  dalam melaksanakan tugas dan fungsinya.</subfield>
    </datafield>
    <datafield tag="650" ind1=" " ind2=" ">
      <subfield code="a">Jabatan Fungsional</subfield>
    </datafield>
  </record>
</collection>
